Reader's delight biography of Rabindranath Tagore (Record no. 30535)

MARC details
000 -LEADER
fixed length control field 00804nam a2200217 4500
005 - DATE AND TIME OF LATEST TRANSACTION
control field 20090922113634.0
008 - FIXED-LENGTH DATA ELEMENTS--GENERAL INFORMATION
fixed length control field 700624s1969 ii b 000 0 eng
010 ## - LCCN (DPL NO)
LC control number B-358134
020 ## - INTERNATIONAL STANDARD BOOK NUMBER
International Standard Book Number 8178123401
Terms of availability 30.00
035 ## - SYSTEM CONTROL NUMBER
System control number B-358134
037 ## - SOURCE OF ACQUISITION
Source of stock number/acquisition DBAD / PUB
040 ## - CATALOGING SOURCE
Original cataloging agency dpl
Language of cataloging English
082 ## - DEWEY DECIMAL CLASSIFICATION NUMBER
Classification number 921
245 ## - TITLE STATEMENT
Title Reader's delight biography of Rabindranath Tagore
260 ## - PUBLICATION, DISTRIBUTION, ETC. (IMPRINT)
Place of publication, distribution, etc New Delhi
Name of publisher, distributor, etc Reader's Delight
Date of publication, distribution, etc (200?)
270 ## - ADDRESS
Address 12-H, New Daryaganj Road, Opp. Traffic Kotwali,
City New Delhi
Postal code 110002
300 ## - PHYSICAL DESCRIPTION
Extent 55p.
Dimensions 22cm(pbk)
650 ## - SUBJECT ADDED ENTRY--TOPICAL TERM
Topical term or geographic name as entry element Tagore, Rabindranath,
Active dates 1861-1941
General subdivision Biography
942 ## - ADDED ENTRY ELEMENTS (KOHA)
Source of classification or shelving scheme Dewey Decimal Classification
Item type Children Books
Classification part 921
Call number suffix TAG
Holdings
Withdrawn status Lost status Source of classification or shelving scheme Damaged status Not for loan Collection code Home library Current library Date acquired Source of acquisition Cost, normal purchase price Total Checkouts Full call number Barcode Date last seen Copy number Cost, replacement price Koha item type
    Dewey Decimal Classification     Non-fiction Janak Puri Janak Puri 22/09/2009 DBAD / PUB 30.00 1 921 TAG B-358134 28/06/2018 1 30.00 Children Books

© Delhi Public Library
Hit Counter
free hit counter